Nghệ thuật sân khấu Việt Nam: Hát bộ, cải lương, thoại kịch, thú xem diễn kịch
Đã lưu trong:
| Príomhúdar: | |
|---|---|
| Formáid: | Leabhar |
| Teanga: | Undetermined |
| Foilsithe: |
Sài Gòn
Khai Trí
1970
|
| Ábhair: | |
| Clibeanna: |
Cuir Clib Leis
Gan Chlibeanna, Bí ar an gcéad duine leis an taifead seo a chlibeáil!
|
| Thư viện lưu trữ: | Trung tâm Học liệu Trường Đại học Cần Thơ |
|---|
| LEADER | 00584nam a2200181Ia 4500 | ||
|---|---|---|---|
| 001 | CTU_9865 | ||
| 008 | 210402s9999 xx 000 0 und d | ||
| 082 | |a 792.09597 | ||
| 082 | |b Kh103 | ||
| 100 | |a Trần Văn Khải | ||
| 245 | 0 | |a Nghệ thuật sân khấu Việt Nam: Hát bộ, cải lương, thoại kịch, thú xem diễn kịch | |
| 245 | 0 | |c Trần Văn Khải | |
| 260 | |a Sài Gòn | ||
| 260 | |b Khai Trí | ||
| 260 | |c 1970 | ||
| 650 | |a theaters - vietnam | ||
| 904 | |i Minh, 961002 | ||
| 980 | |a Trung tâm Học liệu Trường Đại học Cần Thơ | ||